| 000 | 00606nam a22002057a 4500 | ||
|---|---|---|---|
| 005 | 20241210171021.0 | ||
| 010 | _aENG-133775 ENG-140230 ENG-142926 | ||
| 020 |
_a9788190820516 _c250.00 |
||
| 035 | _aEN-117307 | ||
| 035 | _aEN-126458 | ||
| 035 | _aEN-123762 | ||
| 037 | _bDBAD | ||
| 082 | _a001.42 | ||
| 100 |
_aKaliyaperumal,K. _974917 |
||
| 245 |
_aResearch Methodology/ _cby K.Kaliyaperumal |
||
| 260 |
_bSKM Publications _aChennai _c2011 |
||
| 270 |
_a2/248,Anna Street,Vandallur, _bChennai _e600048 |
||
| 300 |
_axxii;383p. _c21cm(pbk) _bIndex |
||
| 942 |
_2ddc _cEN _h001.42 _mKAL |
||
| 999 |
_c190253 _d190253 |
||